| 000 | 00344 a2200109 4500 | ||
|---|---|---|---|
| 001 | ART_8728 | ||
| 005 | 20260410161844.0 | ||
| 008 | 260409a | ||
| 245 | 1 | 0 | _aBreve nota sobre el problema de la transformación |
| 100 | 1 | _aMonza, Alfredo | |
| 773 | 0 |
_tEl trimestre económico _g- Vol. XLVI, Nº 181 (ene./mar. 1979) _wREV6933 |
|
| 999 |
_c24407 _d24407 |
||